Top 50 Australian cities by population - Statistics

General Stats
  • This quiz has been taken 38 times
  • The average score is 25 of 50
Answer Stats
# State Population Answer % Correct
2 NSW 5.14M Sydney
100%
4 WA 2.63M Perth
97%
3 QLD 2.69M Brisbane
94%
1 VIC 5.24M Melbourne
94%
8 ACT 510K Canberra
92%
5 SA 1.44M Adelaide
89%
13 TAS 233K Hobart
86%
15 QLD 163K Cairns
83%
17 NT 138K Darwin
83%
6 QLD 750K Gold Coast
83%
7 NSW 534K Newcastle
83%
11 NSW 318K Wollongong
72%
12 VIC 308K Geelong
69%
19 VIC 106K Bendigo
67%
9 QLD 417K Sunshine Coast
67%
14 QLD 189K Townsville
67%
18 VIC 119K Ballarat
61%
21 TAS 93.1K Launceston
61%
38 NSW 42.9K Orange
61%
10 NSW 351K Central Coast
58%
22 QLD 89.1K Mackay
58%
16 QLD 152K Toowoomba
58%
23 QLD 82.8K Rockhampton
56%
20 NSW 101K Albury
53%
24 WA 82.6K Bunbury
53%
40 NSW 42.1K Dubbo
53%
44 WA 37.5K Albany
47%
43 NSW 38.6K Bathurst
47%
25 QLD 78.6K Bundaberg
47%
26 NSW 76.4K Coffs Harbour
44%
28 NSW 57.9K Wagga Wagga
44%
36 WA 44.8K Busselton
31%
41 WA 41.5K Geraldton
31%
32 QLD 48K Gladstone
31%
48 SA 30.6K Mount Gambier
31%
29 VIC 55.2K Shepparton
28%
30 NSW 54.5K Mildura
25%
42 NSW 40K Nowra
25%
45 VIC 36.4K Warrnambool
25%
33 NSW 47.8K Ballina
22%
46 TAS 32.9K Devonport
22%
27 QLD 62.1K Harvey Bay
17%
39 NSW 42.2K Bowral
14%
49 NSW 30.4K Morisset
8%
37 VIC 44K Traralgon
8%
34 VIC 46.7K Warragul
8%
47 WA 30.7K Kalgoorie
3%
31 NSW 52.6K Port Macquaire
3%
50 SA 30.3K Victor Harbour
3%
35 NSW 45.8K Tamsworth
0%
No matching quizzes found
Score Distribution
Percent of People with Each Score
Percentile by Number Answered
Your Score History
You have not taken this quiz